| 000 | 01769cam a22003495i 4500 | ||
|---|---|---|---|
| 999 |
_c1142 _d1142 |
||
| 001 | ocm18973921 | ||
| 003 | OSt | ||
| 005 | 20211206103522.0 | ||
| 008 | 160302s2015 enk e 000 f eng d | ||
| 010 | _a2016297335 | ||
| 020 | _a9781781165720 | ||
| 035 | _a(OCoLC)ocn900180027 | ||
| 040 |
_aYDXCP _beng _cYDXCP _erda _dOCLCQ _dBTCTA _dBDX _dBKL _dOCLCO _dOCLCF _dOCLCO _dNZHPC _dJAO _dOCLCO _dDLC _dCaOL _dKH8 |
||
| 082 | _aFIC NEW | ||
| 100 | 1 |
_aNewman, Kim, _eauthor. |
|
| 245 | 1 | 4 |
_aThe secrets of Drearcliff Grange School / _cKim Newman. |
| 250 | _aFirst edition. | ||
| 264 | 1 |
_aLondon : _bTitan Books, _c2015. |
|
| 300 |
_a410 pages ; _c21 cm. |
||
| 336 |
_atext _btxt _2rdacontent. |
||
| 337 |
_aunmediated _bn _2rdamedia. |
||
| 338 |
_avolume _bnc _2rdacarrier. |
||
| 440 |
_aDrearcliff Grange; _nbk. 1 |
||
| 520 | _aA week after her mother found her sleeping on the ceiling, Amy Thomsett is delivered to her new school, Drearcliff Grange in Somerset. Although it looks like a regular boarding school, Amy learns that Drearcliff girls are special, the daughters of criminal masterminds, outlaw scientists and master magicians. Several of the pupils also have special gifts like Amy's, and when one of the girls in her dormitory is abducted by a mysterious group in black hoods, Amy forms a secret, superpowered society called the Moth Club to rescue their friend. They soon discover that the Hooded Conspiracy runs through the School, and it's up to the Moth Club to get to the heart of it. | ||
| 650 | 0 |
_aBoarding schools _zEngland _vFiction. |
|
| 650 | 0 |
_aGirls' schools _zEngland _vFiction. |
|
| 650 | 0 |
_aConspiracies _vFiction. |
|
| 650 | 0 |
_aSupervillains _vFiction. |
|
| 651 | 0 |
_aSomerset (England) _vFiction. |
|
| 655 | 0 | _aFantasy fiction. | |
| 942 |
_2ddc _cFIC |
||